Epistolario íntimo

Saved in:
Bibliografiske detaljer
Hovedforfatter: Vallejo, César (Author)
Format: Bog
Sprog:spansk
Udgivet: Santiago Alquimia Ediciones 2016
Udgivelse:1a. ed
Serier:Colección Umbrales de Memoria
Fag:
Tags: Tilføj Tag
Ingen Tags, Vær først til at tagge denne postø!

MARC

LEADER 00000cam a2200000 a 4500
001 UCD7357
003 CL-VaPUC
008 170317e20160000cl |||||||||||||||||spa|d
020 |a 9789569131639 
082 0 4 |a Pe861  |b VAL  |2 21 
100 |a Vallejo, César  |e author  |9 269109 
245 1 0 |a Epistolario íntimo 
250 |a 1a. ed 
300 |a 126 p 
942 |c BK 
945 |d 20170317 22:16:00  |a arojas 
260 |a Santiago  |b Alquimia Ediciones  |c 2016 
650 0 |a Poesías peruanas   |9 267668 
650 0 |a Literatura peruana  |9 257452 
583 |a last modification  |c 20170317 22:16:00  |k Rodrigo Vera 
490 0 |a Colección Umbrales de Memoria 
999 |c 367418  |d 367416 
952 |0 0  |1 0  |3 erb  |4 0  |6 PE_861_000000000000000_VAL_2016  |7 0  |8 A  |9 482285  |a BIBART  |b BIBART  |i 5365945  |l 1  |m 1  |o Pe861 VAL 2016  |p 5365945  |r 2025-03-13  |s 2023-10-12  |w 2019-11-24  |y BK  |z Catalogado en:20170317  |k ART